| 000 | 00458nam a22001697a 4500 | ||
|---|---|---|---|
| 005 | 20241001152409.0 | ||
| 008 | 241001b |||||||| |||| 00| 0 eng d | ||
| 020 | _a978-81-239-1700-9 | ||
| 082 |
_a624.257 _bRAJ-P |
||
| 100 | _aRaju, Krishna. N | ||
| 245 | _aPrestressed Concrete Bridges | ||
| 260 |
_aIndia : _bCBS Publishers ; _c2016. |
||
| 300 |
_a363 p. : _bill ; _c24 cm. |
||
| 500 | _aInclude Index. | ||
| 650 | _aEngineering / Civil | ||
| 999 |
_c36598 _d36598 |
||